MARC

LEADER 00000nam0a2200000 4500
001 373599
005 20231101050815.0
035 |a (RuTPU)RU\TPU\retro\31029 
035 |a RU\TPU\book\224678 
090 |a 373599 
100 |a 20221216d1989 km y0rusy50 ca 
101 0 |a rus 
102 |a RU 
105 |a a z 001zy 
200 1 |a Шлакощелочной резистивный материал  |f И. В. Автономов, В. П. Горелов, Г. А. Пугачев  |g Академия наук СССР (АН СССР), Сибирское отделение (СО), Институт теплофизики (ИТ) ; под ред. В. Е. Накорякова 
210 |a Новосибирск  |c Изд-во института теплофизики  |d 1989 
215 |a 109 с.  |c ил. 
320 |a Библиогр.: с. 100-106. 
610 1 |a строительство 
610 1 |a строительные материалы 
610 1 |a резистивные материалы 
610 1 |a шлакощелочные материалы 
610 1 |a композиционные материалы 
610 1 |a шлакощелочные цементы 
610 1 |a изготовление 
610 1 |a исследования 
675 |a 691.327:53  |v 3 
700 1 |a Автономов  |b И. В.  |g Игорь Валерьевич 
701 1 |a Горелов  |b В. П.  |g Валерий Павлович 
701 1 |a Пугачев  |b Г. А.  |g Геннадий Александрович 
702 1 |a Накоряков  |b В. Е.  |c физик  |c директор Института теплофизики СО РАН  |c выпускник ТЭФ Томского политехнического университета 1958 г.  |f 1935-  |g Владимир Елиферьевич  |2 stltpush  |3 (RuTPU)RU\TPU\pers\29240  |4 340 
712 0 2 |a Академия наук СССР (АН СССР)  |b Сибирское отделение (СО)  |b Институт теплофизики (ИТ)  |c (Новосибирск)  |2 stltpush  |3 (RuTPU)RU\TPU\col\11307 
801 1 |a RU  |b 63413507  |c 20111224 
801 2 |a RU  |b 63413507  |c 20221216  |g RCR 
942 |c BK